000
00406nam a2200145Ia 4500
008
100204s9999 xx 000 0 und d
082
_b
18940
100
_a
इनामदार ना.स.
245
_a
बंड - 1857
260
_b
"सन पब्लिकेशन्स , पुणे"
_c
1996
300
_a
117
630
_a
बंड - 1857
730
_a
बंड - 1857
942
_c
BOOK
999
_c
463363
_d
463360